000 00732nam a2200277 a 4500
001 000112159
003 CHAP
005 20260414090757.0
008 151209s2014 it a |r| |||||||fre d
010 _a108620
011 _a109592
040 _cCHAP
090 _aFolleto 1564f
245 1 0 _aStratégie et vision de la FAO pour ses activités en matière de nutrition.
260 _aRoma :
_bFAO,
_c2014.
300 _av, 13p.
590 _aE5995AHE
_b05
_c20151209
650 1 4 _aHambre.
_952413
650 1 4 _aNutrición.
_982246
650 1 4 _aPoblación rural.
_989447
650 1 4 _aPolítica agrícola.
_990283
650 1 4 _aAgricultura sustentable
_92010
901 _aBK
942 _cFOLL
_2ddc
942 _n0
_2ddc
999 _c108620
_d108620